Diaspora Libanaise. - Statistiques

Statistiques générales
  • Ce quiz a été pris 714 fois
  • Le résultat moyen est 17 sur 30
Statistiques - réponses
Approximation. Pays % Correct
225 000 France
99%
350 000 Canada
89%
1 million Brésil
87%
1,3 million Etats Unis
85%
95 000 Allemagne
84%
650 000 Argentine
78%
100 000 Mexique
75%
360 000 Australie
71%
< 50 000 Royaume Uni
70%
120 000 Colombie
69%
< 50 000 Egypte
68%
110 000 Arabie Saoudite
67%
60 000 Chili
63%
300 000 Venezuela
63%
65 000 Grece
58%
85 000 Suede
57%
90 000 Norvege
51%
< 50 000 Pays Bas
51%
70 000 Uruguay
51%
68 000 Nouvelle Zelande
44%
50 000 Côte d'Ivoire
43%
60 000 Pologne
41%
50 000 Senegal
40%
100 000 Equateur
39%
70 000 Chypre
36%
65 000 Cuba
36%
85 000 Koweit
36%
100 000 Emirats Arabes Unis
35%
< 50 000 Nigeria
32%
< 50 000 Costa Rica
24%
Aucun quiz correspondant
Distribution des résultats
% des personnes avec chaque résultat
Percentile par nombre de réponses
Votre historique - résultats
Vous n’avez pas pris ce quiz